Corporate finance / (Record no. 17493)

000 -LEADER
fixed length control field 00638cam a22002174a 4500
020 ## - INTERNATIONAL STANDARD BOOK NUMBER
ISBN 9780078034770 (alk. paper)
020 ## - INTERNATIONAL STANDARD BOOK NUMBER
ISBN 0078034779 (alk. paper)
040 ## - CATALOGING SOURCE
Transcribing agency DLC
082 00 - DEWEY DECIMAL CLASSIFICATION NUMBER
Classification number 658 MCG 2013 A116 Or.
100 1# - MAIN ENTRY--AUTHOR NAME
Personal name Ross, Stephen A.
245 10 - TITLE STATEMENT
Title Corporate finance /
250 ## - EDITION STATEMENT
Edition statement 10th ed.
260 ## - PUBLICATION, DISTRIBUTION, ETC. (IMPRINT)
Place of publication New York, NY :
Name of publisher McGraw-Hill/Irwin,
Year of publication c2013.
300 ## - PHYSICAL DESCRIPTION
Number of Pages xxxvi, 1030 p. :
Other physical details ill. ;
Dimensions 26 cm.
490 0# - SERIES STATEMENT
Series statement The McGraw-Hill/Irwin series in finance, insurance and real estate
500 ## - GENERAL NOTE
General note Includes index.
650 #0 - SUBJECT ADDED ENTRY--TOPICAL TERM
Topical Term Corporations
700 1# - ADDED ENTRY--PERSONAL NAME
Personal name Westerfield, Randolph.
700 1# - ADDED ENTRY--PERSONAL NAME
Personal name Jaffe, Jeffrey F.,
942 ## - ADDED ENTRY ELEMENTS (KOHA)
Koha item type ADB
952 ## - LOCATION AND ITEM INFORMATION (KOHA)
Withdrawn status [LOCAL, KOHA] 0
952 ## - LOCATION AND ITEM INFORMATION (KOHA)
Withdrawn status [LOCAL, KOHA] 0
Holdings
Permanent Location Date acquired Koha item type Lost status Shelving location Barcode Current Location Full call number
Library Block A2018-12-04សៀវភៅភាសាអង់គ្លេស A116A38046Library Block A658 MCG 2013 A116 Or.
Library Block A2018-12-11សៀវភៅភាសាអង់គ្លេស A117A40961Library Block A658 MCG 2013 A117 Or.
មជ្ឈមណ្ឌលឯការនៃសាកលវិទ្យាល័យភូមិន្ទកសិកម្មចំការដូង

Powered by Koha